Đào tạo cán bộ và phát triển nguồn nhân lực : Khâu đột phá trong chiến lược phát triển /

Bewaard in:
Bibliografische gegevens
Hoofdauteur: Nguyễn Tấn Hưng.
Formaat: Artikel
Taal:Vietnamese
Onderwerpen:
Tags: Voeg label toe
Geen labels, Wees de eerste die dit record labelt!
Thư viện lưu trữ: Thư viện Trường Đại học Đà Lạt
LEADER 00846nam a2200265 4500
001 DLU120140992
005 ##20120920
040 # # |a DLU  |b vie 
041 # # |a vie 
044 # # |a vn 
100 # # |a Nguyễn Tấn Hưng. 
245 # # |a Đào tạo cán bộ và phát triển nguồn nhân lực :  |b Khâu đột phá trong chiến lược phát triển /  |c Nguyễn Tấn Hưng. 
653 # # |a Công tác cán bộ 
653 # # |a Hiện đại hóa 
653 # # |a Phát triển nguồn nhân lực 
773 # # |t Tạp chí Cộng sản  |g Số 4(822), 2011, tr. 61-65 
920 # # |a Phòng Tạp chí -- Trung tâm Thông tin - Thư viện Trường Đại học Đà Lạt 
994 # # |a DLU 
900 # # |a True 
911 # # |a Nguyễn Thị Linh Chi 
925 # # |a G 
926 # # |a A 
927 # # |a BB 
980 # # |a Thư viện Trường Đại học Đà Lạt